000 00311pam a2200121a 44500
008 230405s1987 xxu||||| |||| 00| 0 eng d
041 _aENG
100 _aHAMILTON R
245 _aTHIN LAYER CHROMATOGRAPHY ( HAMILTON)
260 _aNEW YORK
_bJOHN WILLY & SONS NEW YORK
_c1987
300 _a129
906 _a4740
999 _c280011
_d280011